| 000 | 00923nam a22002297i 4500 | ||
|---|---|---|---|
| 999 |
_c23139 _d23139 |
||
| 003 | AR-CdUCM | ||
| 008 | 241115b20232023 ag||||| |||| 00| 0 spa d | ||
| 020 | _a978-987-47837-6-9 | ||
| 040 |
_aMUNICIPALIDAD PROVINCIAL DEL CUSCO _cBIBLIOTECA MUNICIPAL DEL CUSCO |
||
| 041 | _hspa | ||
| 082 |
_a869.266 / R81Y _bR81Y |
||
| 100 |
_aRomano, Adriana (compilador) _950841 |
||
| 245 |
_aYo te cuento Buenos Aires IX : _bAntología / |
||
| 260 |
_aBuenos Aires : _c2023 |
||
| 300 |
_a239 páginas. : _c20 cm. |
||
| 505 | _aCuentos -- El colectivo 105 -- Ardía la ciudad -- Un dedo de diferencia -- La llamada del vacío -- Obelisco negro -- La casa a oscuras -- Parque Chacabuco -- dudas de poeta -- El diente de plata -- El consuelo del guapo y la sagrada María Inmaculada | ||
| 650 |
_aCuentos _950842 |
||
| 650 |
_aLiteratura _950843 |
||
| 650 |
_aPaisaje _91600 |
||
| 942 |
_2ddc _cLIBROS |
||
| 945 |
_apbj _d15-11-2024 |
||